Every Place In Brown County, WI - Statistics

General Stats
  • This quiz has been taken 4 times
  • The average score is 7 of 11
Answer Stats
Letter Population Answer % Correct
G 105,817 Green Bay
100%
A 13,814 Allouez
67%
A 17,611 Ashwaubenon
67%
B 17,144 Bellevue
67%
D 25,476 De Pere
67%
H 11,204 Hobart
67%
H 22,944 Howard
67%
S 13,299 Suamico
67%
D 3,129 Denmark
33%
P 4,057 Pulaski
33%
W 4,467 Wrightstown
33%
No matching quizzes found
Score Distribution
Percent of People with Each Score
Percentile by Number Answered
Your Score History
You have not taken this quiz